| 000 | 01203nas a2200337 4500 | ||
|---|---|---|---|
| 001 | BR2012002521 | ||
| 003 | BR-BrBNA | ||
| 005 | 20231205120409.0 | ||
| 007 | ta | ||
| 008 | 230509b bl.|||p| |||| 00| 00por d | ||
| 040 |
_aBR-BrBNA _bpor _cBiblioteca Nacional de Agricultura |
||
| 041 | _a(Pt) | ||
| 072 | _aL74 | ||
| 100 | 1 | _aPeixoto, T.C. | |
| 100 | 1 | _aOliveira, L.I. | |
| 100 | 1 | _aCaldas, S.A. | |
| 100 | 1 | _aCatunda Júnior, F.E.A. | |
| 100 | 1 | _aCarvalho, M.G. | |
| 100 | 1 | _aFrança, T.N. | |
| 100 | 1 | _aPeixoto, P.V. | |
| 245 | 1 | _aEfeito protetor da acetamida sobre as intoxicações experimentais em ratos por monofluoroacetato de sódio e por algumas plantas brasileiras que causam morte súbita | |
| 246 | 1 | _aThe protective effect of acetamide on experimental poisoning by sodium monofluoroacetate and Brazilian sudden death causing plants in rats | |
| 650 | _aRATO | ||
| 650 | _aCOBAIA | ||
| 650 | _aINTOXICAÇÃO ANIMAL | ||
| 650 | _aPLANTA TÓXICA | ||
| 650 | _aMORTE SÚBITA | ||
| 773 | 0 |
_tPesquisa Veterinária Brasileira (Brazil) _xISSN 0100-736X _g(Nov 2011), v. 31(11) p. 938-952 _wBR2012002521 |
|
| 909 |
_a202311 _bLúcia _c55 _dLúcia Elande |
||
| 942 |
_2AGRIS _n0 _cANA |
||
| 999 |
_c218295 _d218295 |
||